00357nam a2200133Ia 4500008004100000041000800041082001500049100001700064245004500081250001400126260004000140300003100180365001200211240624s9999 xx 000 0 und d aeng a300.72 SHA aSHARP JOHN A aMANAGEMENT OF A STUDENT RESEARCH PROJECT a(3rd ed.) c2010aUSAbGower Publishing Company axvi, : 261 : p. : cm. ; 23 cGBPb25